000 00695nam a2200181Ia 4500
003 GCL
008 140319s9999 xx 000 0 ara d
040 _aGCL /
_cGCL
082 0 4 _aط
_b.813.02
_bع ك
100 1 _aعمر الصاوى
245 1 0 _aالكاتب الصغير:الارانب والفيل المغرور-حكاية القرد الشقى-الصقر والراعى الطيب-رحلة الى اعماق البحر /
_cعمر الصاوى
260 _aالرياض :
_bمكتبة العبيكان ،
_c1994
300 _aمتعدد ؛
_c30سم
490 _aالكاتب الصغير
_v0
650 0 4 _aقصص الاطفال
650 0 4 _aادب الاطفال
942 _2ddc
_cBK
999 _c51016
_d51016